TV Similarites Quiz Stats

 Plays Quiz not verified by Sporcle

Support Sporcle.
Go Orange.
Score 0/18 Timer 15:00
0 Plays Today
% Correct
Friends
91.7%
Parks and Recreation
85.1%
30 Rock
83.5%
Cougar Town
79.3%
Sex and the City
70.7%
Orange is the New Black
69.4%
Jane the Virgin
60.7%
Arrested Development
59.9%
Archer
58.3%
% Correct
Master of None
54.1%
Broad City
47.9%
Corner Gas
42.1%
Girls
39.3%
Ugly Betty
31.8%
Marry Me
28.9%
Crazy Ex-Girlfriend
28.9%
Rick and Morty
28.1%
Sirens
26%

You're not logged in!

Compare scores with friends on all Sporcle quizzes.
OR
Log In

From the Vault

The Great Gatsby

by geo25

"In two weeks it'll be the longest day in the year...Do you always watch for the longest day of the year and then miss it? I always watch for the longest day in the year and then miss it."
Remove Ads.
Support Sporcle.
Get the best of Sporcle when you Go Orange. This ad-free experience offers more features, more stats, and more fun while also helping to support Sporcle. Thank you for becoming a member.

Show Comments

Extras

Top Quizzes Today


Score Distribution

Your Account Isn't Verified!

In order to create a playlist on Sporcle, you need to verify the email address you used during registration. Go to your Sporcle Settings to finish the process.

Report this User

Report this user for behavior that violates our Community Guidelines.

Details: